000 00242nam a2200133Ia 4500
100 _aFesto
942 _cBK
654 _aPneumatics
245 _aPneumatics
260 _bFesto
082 _a621.5
_bPAN
546 _aENGLISH
999 _c17863
_d17863